000 00611nam a2200193Ia 4500
005 20250508162513.0
008 008 250505s9999 xx 000 0 eng d
020 _a0-521-27486-9
037 _aTextual
040 _aFEDL
_beng
_cFEDL
041 _aeng
_2eng
084 _a407, LIT
_qFEDL
100 _aLittlewood William T
_9773311
245 0 _aForeign and second language learning: Language-acquistion research and its implications for the classroom
260 _aCambridge
_bCambridge University Press
_c1984
300 _a114p.
942 _cTEXL
_h407, LIT
999 _c1376964
_d1376964